| 000 | 00502atm a2200193 4500 | ||
|---|---|---|---|
| 005 | 20170214150718.0 | ||
| 008 | 150904b xxu||||| |||| 00| | spa d | ||
| 041 | _aSPA | ||
| 082 | _a1.0.40 R533e | ||
| 100 |
_aRichero, Alicia _928645 |
||
| 245 | _aEventos: guía práctica para su planeación y ejecución | ||
| 260 | _aMéxico | ||
| 260 | _bTrillas | ||
| 260 | _c1993 | ||
| 300 | _a70 páginas | ||
| 650 |
_aEVENTOS ESPECIALES _93671 |
||
| 650 |
_aCONGRESOS Y CONVENCIONES _921398 |
||
| 942 | _cBK | ||
| 999 |
_c7216 _d7216 |
||